Empleo y desarrollo rural [Proyecto del Gobierno de Costa Rica]
محفوظ في:
| مؤلف مشترك: | |
|---|---|
| التنسيق: | نص |
| اللغة: | Spanish |
| منشور في: |
San José:
PNUD. OIT. ITCO
|
| الوسوم: |
إضافة وسم
لا توجد وسوم, كن أول من يضع وسما على هذه التسجيلة!
|
MARC
| LEADER | 00000 a a2200000 04500 | ||
|---|---|---|---|
| 001 | 17213 | ||
| 003 | cru CIDCACS/IIS | ||
| 005 | 20170529100701.0 | ||
| 008 | 170529b xxu||||| |||| 00| 0 spa d | ||
| 020 | |a [sin ISBN] | ||
| 022 | |a [sin ISBN] | ||
| 040 | |c cru CIDCACS/IIS | ||
| 090 | |a 14.04.02 O32e | ||
| 110 | |a Instituto de Tierras y Colonización (Costa Rica) | ||
| 245 | |a Empleo y desarrollo rural [Proyecto del Gobierno de Costa Rica] | ||
| 260 | |a San José: |b PNUD. OIT. ITCO | ||
| 300 | |a 45 p. | ||
| 942 | |2 ddc |c LI | ||
| 999 | |c 15649 |d 15649 | ||
